|
|
|
|
| LEADER |
01224nam a2200325 4500 |
| 001 |
000016187 |
| 003 |
12581 |
| 005 |
20120725150723.0 |
| 008 |
120725s1996 viesd |
| 020 |
|
|
|c 16000đ
|
| 041 |
0 |
|
|a vie
|
| 082 |
|
|
|a 425.076
|b NG-T
|
| 100 |
0 |
|
|a Nguyễn Trung Tánh
|e biên soạn
|
| 245 |
|
0 |
|a English Grammar Exercises
|b tài liệu tự học tiếng Anh
|c Nguyễn Trung Tánh
|
| 260 |
|
|
|a Tp. Hồ Chí Minh
|b Nxb. Tp. Hồ Chí Minh
|c 1996
|
| 300 |
|
|
|a 170tr.
|c 21 cm
|
| 500 |
|
|
|a Trên 200 bài tập ngữ pháp với nội dung phong phú, kèm theo đáp án, thích hợp với các học viên trình độ trung cấp & luyện thi chứng chỉ B
|
| 653 |
|
|
|a tiếng Anh
|
| 653 |
|
|
|a ngữ pháp
|
| 653 |
|
|
|a bài tập
|
| OWN |
|
|
|a LSP
|
| AVA |
|
|
|a UDN50
|b LSP
|d 425.076 NG-T
|e available
|t Error 5001 Not defined in file expand_doc_bib_avail.
|f 2
|g 0
|h N
|i 0
|k 1
|
| 999 |
|
|
|a From the UDN01
|
| AVA |
|
|
|a UDN50
|b LSP
|d 425.076 NG-T
|e available
|t Error 5001 Not defined in file expand_doc_bib_avail.
|f 2
|g 0
|h N
|i 0
|k 1
|
| TYP |
|
|
|a Monograph
|
| TYP |
|
|
|a Printed language
|
| 980 |
|
|
|a Mạng thư viện Đại học Đà Nẵng
|